000 01004cam a2200217 4500
001 WB4006-10
008 040212n2004 000 0 eng u
035 _a(Sirsi) u125120
245 _aHouse Building: October to December quarter 2003
260 _c2004
490 _aODPM News Release
_v(2004/0029) 12 February 2004 (3)
520 _aNew figures have been released on new housing starts and completions in the UK regions. The latest figures for the quarter ending December 2003 show that there were 35 700 housing starts and 42 200 completions in England. This is a 10% and 8% increase respectively on the same period last year. Figures are also given for English regions. Full details can be found at http://www.odpm.gov.uk. http://www.odpm.gov.uk/pns/DisplayPN.cgi?pn_id=200 4_0029
590 _aWB
590 _aWB
650 _aHOUSE BUILDING
650 _aNEW HOMES
650 _aHOUSE CONSTRUCTION
650 _aHOUSING STATISTICS
690 _aHOUSING-DEVELOPMENT
942 _n0
999 _c117016
_d117016